<?xml version="1.0" encoding="UTF-8"?>
<record
    xmlns:xsi="http://www.w3.org/2001/XMLSchema-instance"
    xsi:schemaLocation="http://www.loc.gov/MARC21/slim http://www.loc.gov/standards/marcxml/schema/MARC21slim.xsd"
    xmlns="http://www.loc.gov/MARC21/slim">

  <leader>02635nam a2200385uu 4500</leader>
  <controlfield tag="001">1344111</controlfield>
  <controlfield tag="005">20260508084423.0</controlfield>
  <controlfield tag="008">130923e20130923                    spa  </controlfield>
  <datafield tag="020" ind1=" " ind2=" ">
    <subfield code="a">9789588366739</subfield>
  </datafield>
  <datafield tag="035" ind1=" " ind2=" ">
    <subfield code="a">1344111</subfield>
  </datafield>
  <datafield tag="040" ind1=" " ind2=" ">
    <subfield code="c">comduadb</subfield>
  </datafield>
  <datafield tag="041" ind1=" " ind2=" ">
    <subfield code="a">spa</subfield>
  </datafield>
  <datafield tag="082" ind1=" " ind2="4">
    <subfield code="a">305</subfield>
  </datafield>
  <datafield tag="100" ind1="1" ind2="0">
    <subfield code="a">Escobar Garc&#xED;a, Bibiana</subfield>
    <subfield code="4">aut</subfield>
    <subfield code="e">aut</subfield>
    <subfield code="9">616691</subfield>
  </datafield>
  <datafield tag="245" ind1="1" ind2="0">
    <subfield code="a">Mujer, negra y desplazada : triple victimizaci&#xF3;n en Colombia</subfield>
  </datafield>
  <datafield tag="250" ind1=" " ind2=" ">
    <subfield code="a">2. edici&#xF3;n</subfield>
  </datafield>
  <datafield tag="260" ind1=" " ind2=" ">
    <subfield code="a">Medell&#xED;n :</subfield>
    <subfield code="b">Ediciones UNAULA,</subfield>
    <subfield code="c">2013.</subfield>
  </datafield>
  <datafield tag="300" ind1=" " ind2=" ">
    <subfield code="a">154 p&#xE1;ginas :</subfield>
    <subfield code="b">ilustraciones.</subfield>
  </datafield>
  <datafield tag="490" ind1="0" ind2=" ">
    <subfield code="a">Cultura de la investigaci&#xF3;n</subfield>
  </datafield>
  <datafield tag="505" ind1=" " ind2=" ">
    <subfield code="a">CONTENIDO : Cap&#xED;tulo I: Anotaciones metodol&#xF3;gicas. -- Cap&#xED;tulo II: Memorias de un pueblo negro. -- Cap&#xED;tulo III: Realidades para escuchar voces femeninas negras. -- Cap&#xED;tulo IV: Voces. -- Cap&#xED;tulo V: Marco jur&#xED;dico mujer, negra, desplazada. -- Anexo I. -- Conclusiones. -- Bibliograf&#xED;a. -- Cibergraf&#xED;a. .</subfield>
  </datafield>
  <datafield tag="520" ind1="3" ind2=" ">
    <subfield code="a">Colombia es el segundo pa&#xED;s con mayor desplazamiento forzado en el mundo por causa de la violencia. Entre las personas afectadas, las mujeres son las que m&#xE1;s lesiones psicol&#xF3;gicas y f&#xED;sicas reciben por el desplazamiento; y de ellas, las mujeres afro, que sufren la triple discriminaci&#xF3;n de la sociedad: como desplazadas, negras y hembras. Sobreviven ahora fuera de sus lugares de origen, pero cuentas sus historias para todos, y para que no se repita en el futuro. &#xBF;C&#xF3;mo han reconstruidos sus vidas?, &#xBF;c&#xF3;mo se resisten y recuperan?, &#xBF;qu&#xE9; tipo de relaciones crean, luego del desplazamiento?, &#xBF;c&#xF3;mo es adectada su memoria cultural? Reconocer al ser humano que hay detr&#xE1;s de la etiquet de v&#xED;ctima, desplazada, negra es uno de los prop&#xF3;sitos de la investigaci&#xF3;n. Sus voces dicen de lso temores y sue&#xF1;os que padecen. Aun as&#xED;, contin&#xFA;an representando la esperanza de una vida digna en Colombia.</subfield>
  </datafield>
  <datafield tag="650" ind1=" " ind2=" ">
    <subfield code="a">Mujeres afrocolombianas</subfield>
    <subfield code="9">110816</subfield>
  </datafield>
  <datafield tag="650" ind1=" " ind2="7">
    <subfield code="a">Discriminaci&#xF3;n racial</subfield>
    <subfield code="z">Colombia</subfield>
    <subfield code="2">armarc</subfield>
    <subfield code="9">59923</subfield>
  </datafield>
  <datafield tag="650" ind1=" " ind2=" ">
    <subfield code="a">Desplazamiento forzado de afrodescendientes</subfield>
    <subfield code="9">183874</subfield>
  </datafield>
  <datafield tag="650" ind1=" " ind2=" ">
    <subfield code="a">Derechos de la mujer - Colombia</subfield>
    <subfield code="9">45322</subfield>
  </datafield>
  <datafield tag="650" ind1=" " ind2="7">
    <subfield code="a">Violencia contra la mujer</subfield>
    <subfield code="2">lemb</subfield>
    <subfield code="9">2055</subfield>
  </datafield>
  <datafield tag="650" ind1=" " ind2="7">
    <subfield code="a">Mujeres</subfield>
    <subfield code="x">Cuestiones sociales y morales</subfield>
    <subfield code="z">Colombia</subfield>
    <subfield code="2">lemb</subfield>
    <subfield code="9">166094</subfield>
  </datafield>
  <datafield tag="650" ind1=" " ind2="7">
    <subfield code="a">Mujeres</subfield>
    <subfield code="x">Condiciones sociales</subfield>
    <subfield code="z">Colombia</subfield>
    <subfield code="2">lemb</subfield>
    <subfield code="9">41758</subfield>
  </datafield>
  <datafield tag="700" ind1="1" ind2="0">
    <subfield code="a">V&#xE1;squez Santamar&#xED;a, Jorge Eduardo</subfield>
    <subfield code="4">aut</subfield>
    <subfield code="e">aut</subfield>
    <subfield code="9">421829</subfield>
  </datafield>
  <datafield tag="700" ind1="1" ind2="0">
    <subfield code="a">Saldarriaga Florez, Nora Isabel</subfield>
    <subfield code="4">aut</subfield>
    <subfield code="e">aut</subfield>
    <subfield code="9">485577</subfield>
  </datafield>
  <datafield tag="700" ind1="1" ind2="0">
    <subfield code="a">Villegas Sierra, Beatriz Elena</subfield>
    <subfield code="4">aut</subfield>
    <subfield code="e">aut</subfield>
    <subfield code="9">657922</subfield>
  </datafield>
  <datafield tag="700" ind1="1" ind2="0">
    <subfield code="a">Mej&#xED;a C&#xF3;rdoba, Walter Ra&#xFA;l</subfield>
    <subfield code="4">aut</subfield>
    <subfield code="e">aut</subfield>
    <subfield code="9">657923</subfield>
  </datafield>
  <datafield tag="700" ind1="1" ind2="0">
    <subfield code="a">Nizhelski &#xC1;lvarez, Alexander</subfield>
    <subfield code="4">aut</subfield>
    <subfield code="e">aut</subfield>
    <subfield code="9">650031</subfield>
  </datafield>
  <datafield tag="942" ind1=" " ind2=" ">
    <subfield code="c">BOOK</subfield>
  </datafield>
  <datafield tag="999" ind1=" " ind2=" ">
    <subfield code="c">662256</subfield>
    <subfield code="d">662256</subfield>
  </datafield>
  <datafield tag="952" ind1=" " ind2=" ">
    <subfield code="0">0</subfield>
    <subfield code="1">0</subfield>
    <subfield code="4">0</subfield>
    <subfield code="7">0</subfield>
    <subfield code="8">GEN</subfield>
    <subfield code="a">BC</subfield>
    <subfield code="b">BC</subfield>
    <subfield code="d">2013-09-23</subfield>
    <subfield code="e">Material adquirido por canje</subfield>
    <subfield code="g">37000.00</subfield>
    <subfield code="i">C1187316</subfield>
    <subfield code="l">0</subfield>
    <subfield code="o">305.487 M953</subfield>
    <subfield code="p">0983771</subfield>
    <subfield code="r">2024-05-15 00:00:00</subfield>
    <subfield code="t">1</subfield>
    <subfield code="w">2023-05-02</subfield>
    <subfield code="y">BOOK</subfield>
  </datafield>
</record>
